000 00461nam a2200181Ia 4500
008 090124s9999 xx 000 0 und d
082 _b11674
_a1493
100 _aकाणेकर अनंत
245 _a सांबर
250 _a1
260 _c1961
300 _a292
600 _aकाणेकर अनंत
630 _a सांबर
700 _aकाणेकर अनंत
730 _a सांबर
942 _cBOOK
999 _c125613
_d125613